000 00663nam a22002057a 4500
005 20170728150153.0
010 _aENG-119458
020 _a9788125059189
_c95.00
035 _aEN-102990
037 _bDBAD/PUB
082 _a480
245 _aElixir :
_cedited by Jagdish M. Saboo,Vivek H.Hiware [and] Vidya R. Pundkar
_ba textbook of literature and language /
260 _aHydrabad
_bOrient BlackSwan
_c2017
270 _a3-6-752,Himayat Nagar
_bHydrabad (Telagana)
_e500029
300 _avi,186p.
_b22cm(pbk)
700 _aby Saboo,Jagdish M.
700 _aHiware,Vivek H.
700 _a Pundkar, Vidya R.
942 _2ddc
_cEN
_mELI
_h480
999 _c142966
_d142966